| 000 | 00756nam a2200241 a 4500 | ||
|---|---|---|---|
| 001 | 19524 | ||
| 003 | BD-RjUL | ||
| 005 | 20211209000438.0 | ||
| 008 | 180806s1955 pk b 000 0 eng d | ||
| 035 | _a(BD-RjUL)19584 | ||
| 035 | _a224938 | ||
| 040 |
_aANL _beng _cANL _dBD-RjUL |
||
| 041 | _aeng | ||
| 082 |
_223 _a012 _bGHB 1955 |
||
| 100 | 1 |
_aGhani, Abdul. _9222160 |
|
| 245 | 1 | 0 |
_aBibliography of Iqbal / _cby Abdul Ghani and khwaja Nur Ilahi ; with an introduction by M. Aslam. |
| 260 |
_aLahore: _bBazm-i-Iqbal, _c[1955?] |
||
| 300 |
_avii, 16 p. _c23 cm. |
||
| 600 | 1 | 0 |
_aIqbal, Muhammad, _cSir, _d1877-1938 _xBibliography. _9222163 |
| 700 | 1 |
_aIlahi, Nur, _ckhwaja, jt. auth. _9222162 |
|
| 700 | 1 |
_aAslam, M. , introd. _9222164 |
|
| 942 |
_2ddc _cREF |
||
| 999 |
_c19524 _d19524 |
||